| 000 | 01783nam a2200289Ia 4500 | ||
|---|---|---|---|
| 003 | OSt | ||
| 005 | 20260703092743.0 | ||
| 008 | 210210b2016 xxu||||| |||| 00| 0 eng d | ||
| 040 | _cAL | ||
| 041 | _aKannada | ||
| 082 | _aK894.9 RAMS | ||
| 100 |
_aRamachandran C N _9245536 |
||
| 110 |
_aರಾಮಚಂದ್ರನ್ ಸಿ ಎನ್ _9266185 |
||
| 245 |
_aSahitya vimarshe mattu vasahatottara chintane _b: ಸಾಹಿತ್ಯ ವಿಮರ್ಶೆ ಮತ್ತು ವಸಾಹತೋತ್ತರ ಚಿಂತನೆ |
||
| 260 |
_aBengaluru _bAnkita Pustaka _c2016 |
||
| 300 |
_a335p _bPB _c21.5x14cm |
||
| 365 |
_2Kannada _aBLCR-000157 _b₹250.00 _c₹ _f01-12-2018 |
||
| 520 | _a"ಶ್ರೇಷ್ಠ ವಿಮರ್ಶೆಯ ಪರಂಪರೆ ಇರುವ ಕನ್ನಡದಲ್ಲಿ, ವಿಮರ್ಶೆಯ ತತ್ವ ಮತ್ತು ಸಿದ್ಧಾಂತಗಳಿಗೆ ಸಂಬಂಧಿಸಿದ ಗ್ರಂಥಗಳು ವಿರಳವೆಂದೇ ಹೇಳಬೇಕು. ಹೀಗಾಗಿ ಕನ್ನಡ ವಿಮರ್ಶೆಯ ಪ್ರಪಂಚದಲ್ಲಿ ಸಾಕಷ್ಟು ಕೃಷಿ ಮಾಡಿರುವ ಡಾ. ಸಿ.ಎನ್. ರಾಮಚಂದ್ರನ್ ಬರೆದಿರುವ ವಿಮರ್ಶೆಯ ತತ್ವ ಮತ್ತು ಆಧುನಿಕ ವಿಮರ್ಶಾ ಪ್ರಸ್ಥಾನಗಳಿಗೆ ಸಂಬಂಧಿಸಿದ ಈ ಅಮೂಲ್ಯ ಗ್ರಂಥವು ತುಂಬ ಪ್ರಸ್ತುತವಾಗಿದೆ."-ಡಾ. ಜಿ.ಎಂ. ಹೆಗಡೆ. | ||
| 650 |
_avimarshe _9245537 |
||
| 650 |
_avasahatottara _9245538 |
||
| 650 |
_aSahitya _9245539 |
||
| 650 |
_amattu _9245540 |
||
| 650 |
_achintane _9245541 |
||
| 690 |
_aKannada Criticism _9245542 |
||
| 906 | _a073087 | ||
| 942 |
_2ddc _cBK |
||
| 999 |
_c122866 _d122866 |
||